Loading...
| History - American | 0 | 2 | 0 | 0 | 20 | 83 | 93.00 | 0 | 0 | 4.67 | 9.09 |
| History - Other | 0 | 2 | 0 | 2 | 20 | 118 | 119.00 | 0 | 0 | 0.00 | 1.82 |
| History - World | 0 | 2 | 1 | 1 | 15 | 67 | 96.00 | 0 | 1 | 4.51 | 7.27 |
| Religion | 0 | 1 | 0 | 1 | 10 | 97 | 97.00 | 0 | 0 | 2.04 | 3.64 |
| Social Science | 0 | 1 | 0 | 0 | 10 | 110 | 110.00 | 0 | 0 | 0.00 | 2.27 |
| Other Academic | 0 | 0 | 1 | 0 | -5 | 0.00 | 0 | 0 | 0.00 | 0.00 | |
| History - European | 0 | 0 | 1 | 0 | -5 | 0.00 | 0 | 0 | 0.00 | 0.00 | |
| Fine Arts - Classical Music | 0 | 0 | 1 | 0 | -5 | 0.00 | 0 | 0 | 0.00 | 0.00 | |
| Science - Other | 0 | 0 | 1 | 0 | -5 | 0.00 | 0 | 0 | 0.00 | 0.00 | |
| Science - Physics | 0 | 0 | 1 | 0 | -5 | 0.00 | 0 | 0 | 0.00 | 0.00 |